000
00208 a2200097 4500
001
13034
100
_a
Hameed,A.
245
_a
Kisa Akhiry Darwesh Kaa
260
_a
_b
Sange meel publy
_c
090
_c
10043
_d
10043
942
_a
NUST-CAE
_c
M
_c
52
999
_c
248107
_d
248107